Normal view
MARC view
- VISUAL BASIC 6.0
Entry Topical Term
001 - CONTROL NUMBER
- control field: 77612
003 - CONTROL NUMBER IDENTIFIER
- control field: NUST
005 - DATE AND TIME OF LATEST TRANSACTION
- control field: 20210628205940.0
008 - FIXED-LENGTH DATA ELEMENTS
- fixed length control field: 210628|| aca||aabn | a|a d
040 ## - CATALOGING SOURCE
- Original cataloging agency: NUST
- Transcribing agency: NUST
150 ## - HEADING--TOPICAL TERM
- Topical term or geographic name entry element: VISUAL BASIC 6.0
670 ## - SOURCE DATA FOUND
- Source citation: Work cat.: (NUST): Boutquin, Pierre Eidahi, Loren Conley John.D 77611, Visual basic 6.0 superbible, 1999
